BIBLIOTHÈQUE DE LA MAISON DU MEXIQUE

Logo 1 Logo 2

Estampas de la colonia (notice nᵒ 5330)

détails MARC
000 -Sello discográfico
campo de control de longitud fija 00938nam0a2200289 4500
005 - Identificación de versión
campo de control 20251016084446.0
010 ## - Número Estándar Internacional de Libros (ISBN)
Número (ISBN) 968-7381-71-X
035 ## - Otros números de control del sistema
Número de control del sistema 33206
099 ## - fechas locales
Tipo de ítem Koha LIBRO
100 ## - Datos de procesamiento general
Datos de procesamiento general 20111108d2004 m y0spay5003 ba
105 ## - Campo de datos codificados: Material textual, monográfico
Datos codificados de monografía a 001zy
200 1# - Título y mención de responsabilidad
Título propio Estampas de la colonia
Designación general del material texto impreso
Primer mención de responsabilidad Textos Solange Alberro
Declaración de responsabilidad subsiguiente edición gráfica María Cristina Urrutia, Krystyna Libura
205 ## - Declaración de edición
Declaración de edición 1a ed
210 ## - Publicación, distribución, etc.
Lugar de publicación, distribución, etc. México
Nombre del editor, distribuidor, etc. Ediciones Tecolote
Fecha de publicación, distribución, etc. 2004
215 ## - Descripción física
Designación de material específico y extensión del ítem 192 p
Otras características físicas principalmente il.
Dimensiones 22 cm
345 ## - Nota de información de adquisición
Fuente de adquisición/dirección de la suscripción [OBSOLETO] Donación 'Salon du Livre 2009'
607 ## - Nombre geográfico utilizado como tema
Elemento de entrada México
Subdivisión temática Historia
Subdivisión cronológica Dominación española, 1517-1821
Número Koha 1535
702 ## - Nombre personal - Responsabilidad secundaria
Elemento de entrada Alberro
Parte del nombre distinta del elemento de entrada Solange
Fechas 1938-
Número Koha 2675
702 ## - Nombre personal - Responsabilidad secundaria
Elemento de entrada Libura
Parte del nombre distinta del elemento de entrada Krystyna
Número Koha 10594
702 ## - Nombre personal - Responsabilidad secundaria
Elemento de entrada Urrutia
Parte del nombre distinta del elemento de entrada María Cristina
Número Koha 10595
801 #0 - Fuente de origen
País FR
Agencia cm
Reglas de catalogación (convenciones descriptivas) AFNOR
900 ## -
-- 1/20792
942 ## - ELEMENTOS DE ENTRADA SECUNDARIOS (KOHA)
Tipo de ítem Koha Livre
996 ## -
-- MEX
-- 751145101
-- MMAG
-- 000710
-- 972.02 A332E
-- 20111108LIV
Exemplaires
Estatus retirado Estado de daño Estado de pérdida Fecha de adquisición Biblioteca de origen Biblioteca actual Ubicación en estantería Código de barras Precio de reemplazo Signatura topográfica completa No para préstamo Tipo de ítem Koha Nota pública Nota no pública
      05/08/2025 Casa México Paris Casa México Paris   000710 05/08/2025 972.02 A332E   Livre 20111108LIV 751145101